000 00519nam a2200193 a 4500
005 20140310183536.0
008 110819s19uu xx 00 eng d
020 _a9781412974882
050 _aHM 1261
_b.N67 2010
100 _aNorthouse, Peter
245 _aLeadership :
_bTheory and practice /
_cPeter Northouse.
250 _a5th ed.
260 _aLos Angeles :
_bSAGE,
_c2010.
300 _a435 p. :
_bcol. ill. ;
_c24 cm.
521 _aBSBA
650 _aLeadership
942 _cBK
_2lcc
_kFOR
999 _c24730
_d24730